Normal view
MARC view
- جماعة الاخوان المسلمين- الاردن- الاسلام والدولة
Entry Topical Term
001 - CONTROL NUMBER
- control field: 56690
003 - CONTROL NUMBER IDENTIFIER
- control field: JO-AjAnu
005 - DATE AND TIME OF LATEST TRANSACTION
- control field: 20230606083305.0
008 - FIXED-LENGTH DATA ELEMENTS
- fixed length control field: 230606|| aca||aabn | a|a d
040 ## - CATALOGING SOURCE
- Original cataloging agency: JO-AjAnu
- Transcribing agency: JO-AjAnu
150 ## - HEADING--TOPICAL TERM
- Topical term or geographic name entry element: جماعة الاخوان المسلمين- الاردن- الاسلام والدولة
670 ## - SOURCE DATA FOUND
- Source citation: Work cat.: (JO-AjAnu)28928: أبو رمان، محمد ؛ م.مشارك: حسن أبو هنية ؛ مراجعة وتدقيق: ميس نوايسة ، فراس خير الله, author 56689, الحل الإسلامي في الأردن : الإسلاميون والدولة ورهانات الديمقراطية والأمن